000 00855nam a2200217Ia 4500
999 _c51013
_d51013
001 17970
003 GE_BSU
005 20250227123640.0
008 181216s2007||||ru |||||||||||||| ||rus||
020 _a9785938784321
040 _cGE_BSU
041 _arus
080 _a159.9:37+371.2.13 Л-53
100 _aЛефрансуа, Ги
_924423
245 _aПрикладная педагогическая психология :
_bПособие для педагогов и психологов /
_cГи Лефрансуа ; Научн. ред. А. Наследов.
250 _a10-е международное изд-е
264 _aСанкт-Петербург :
_bПрайм-ЕВРОЗНАК,
_c2007.
300 _a576 стр. ;
_c21см.
653 _aПрикладная педагогическая психология
942 _cBK
_2udc